000 00590nam a22002057a 4500
005 20250918094417.0
008 250918b |||||||| |||| 00| 0 eng d
020 _a9789358495430
040 _aIN-DiNC
_cIN-DiNC
041 _dasm
082 _a891.1
_bBHA
245 _aBharatiya sahitya:
_bSwarup aru mulyabudh/
_ced. by Pallabi Deka Buzarbaruah and Swati Kiran
250 _a1st ed.
260 _aDibrugarh:
_bBanalata,
_c2025.
300 _a328p.
650 _aIndian literature
700 _aBuzarbaruah, Pallabi Deka
_eEditor
700 _aKiran, Swati
_eEditor
942 _2ddc
_cBK
999 _c12283
_d12283